Derecho internacional público. 1 /
Guardado en:
| Autor Principal: | |
|---|---|
| Otros Autores: | |
| Formato: | Libro |
| Idioma: | Spanish |
| Publicado: |
Buenos Aires :
Tea,
2000
|
| Edición: | 4a. reimp. |
| Materias: | |
| Etiquetas: |
Agregar Etiqueta
Sin Etiquetas, Sea el primero en etiquetar este registro!
|
| LEADER | 00532nam a22001695a 4500 | ||
|---|---|---|---|
| 001 | DER.der015513 | ||
| 008 | 251117s2000####ag#||||||||||||||#||spa|| | ||
| 005 | 20251117091240.0 | ||
| 245 | 1 | 0 | |a Derecho internacional público. |n 1 / |c L. A. Podestá Costa, José María Ruda. |
| 250 | |a 4a. reimp. | ||
| 260 | |a Buenos Aires : |b Tea, |c 2000 | ||
| 300 | |a 656 p. | ||
| 020 | |a 950521054X | ||
| 100 | 1 | |a Podestá Costa, L. A. | |
| 700 | 1 | |a Ruda, José María | |
| 650 | 7 | |a DERECHO INTERNACIONAL PUBLICO | |
| 859 | |a DERECHO |b BIB. DERECHO |h 341 |i POD |p 000975 |3 Tomo I | ||
